Qualitative Research Methods for the Social Sciences / (Record no. 2287)

MARC details
000 -LEADER
fixed length control field 00587cac a22001931u 4500
090 ## - LOCALLY ASSIGNED LC-TYPE CALL NUMBER (OCLC); LOCAL CALL NUMBER (OCLC)
-- 2287
008 - FIXED-LENGTH DATA ELEMENTS--GENERAL INFORMATION
fixed length control field 081102t2007 xxu||||| |||| 00| 0 eng d
010 ## - LIBRARY OF CONGRESS CONTROL NUMBER
LC control number 2005058685
020 ## - INTERNATIONAL STANDARD BOOK NUMBER
International Standard Book Number 0205482635
020 ## - INTERNATIONAL STANDARD BOOK NUMBER
International Standard Book Number 0205503748
035 ## - SYSTEM CONTROL NUMBER
System control number (OCoLC)ocm63116473
082 00 - DEWEY DECIMAL CLASSIFICATION NUMBER
Classification number 300.72
Item number BER
245 10 - TITLE STATEMENT
Title Qualitative Research Methods for the Social Sciences /
Statement of responsibility, etc Bruce L. Berg.
250 ## - EDITION STATEMENT
Edition statement 6th ed.
260 ## - PUBLICATION, DISTRIBUTION, ETC. (IMPRINT)
Place of publication, distribution, etc Boston :
Name of publisher, distributor, etc Pearson/Allyn & Bacon,
Date of publication, distribution, etc c2007.
300 ## - PHYSICAL DESCRIPTION
Extent xvi, 384 p. :
Other physical details ill. ;
Dimensions 23 cm.
504 ## - BIBLIOGRAPHY, ETC. NOTE
Bibliography, etc Includes bibliographical references and indexes.
942 ## - ADDED ENTRY ELEMENTS (KOHA)
Item type Book - Borrowing
Call number prefix 300.72BER
Source of classification or shelving scheme Dewey Decimal Classification
Holdings
Withdrawn status Item status Source of classification or shelving scheme Damaged status Not for loan Home library Current library Shelving location Date acquired Source of acquisition Total Checkouts Total Renewals Full call number Barcode Date last seen Date last borrowed Koha item type
    Dewey Decimal Classification     Central Library Central Library First floor 07/02/2015 Purchase 11 32 300.72 BER 000001862 15/07/2025 17/12/2018 Book - Borrowing